| 000 | 00749nam a2200265 a 4500 | ||
|---|---|---|---|
| 001 | 000110595 | ||
| 003 | CHAP | ||
| 005 | 20220329144140.0 | ||
| 008 | 140917s2011 mx |r| ||||||spa d | ||
| 010 | _a107057 | ||
| 011 | _a108029 | ||
| 020 | _a9786079017378 | ||
| 040 | _cCHAP | ||
| 082 | 0 | 4 |
_a863 _bM82 |
| 100 | 0 | 0 |
_aMorales, Juan José. _978466 |
| 245 | 1 | 0 |
_aMundos paralelos : _by otros cuentos / _cpor Juan José Morales. |
| 260 |
_aMérida, Yucatán. : _bInstituto de cultura de Yucatán _bConsejo Nacional para la Cultura y las Artes, _c2011. |
||
| 300 | _a163 p. | ||
| 590 |
_aE5765TAJ _b05 _c20140917 _lUCH01 _h0930 |
||
| 650 | 1 | 4 |
_aCuentos. _930096 |
| 650 | 1 | 4 |
_aLiteratura. _967113 |
| 901 | _aBK | ||
| 942 | _cLIBRO | ||
| 942 | _n0 | ||
| 999 |
_c107057 _d107057 |
||